10 najludniejszych państw Afryki - Statystyki

Ogólne statystyki
  • Ten quiz został rozwiązany 119 razy
  • Średni wynik to 9 z 10
Statystyki odpowiedzi
Ludność Kraj % Poprawnych
190 632 261 osób Nigeria
99%
97 041 072 osób Egipt
98%
54 841 552 osób Republika Południowej Afryki
98%
83 301 151 osób Demokratyczna Republika Konga
93%
105 350 020 osób Etiopia
91%
40 969 443 osób Algieria
86%
37 345 935 osób Sudan
84%
47 615 739 osób Kenia
82%
53 950 935 osób Tanzania
76%
39 570 125 osób Uganda
60%
Nie znaleziono quizów pasujących do podanych kryteriów
Rozkład punktacji
Procent ludzi z każdym wynikiem
Percentyl według liczby udzielonych odpowiedzi
Twoja historia wyników
Nie rozwiązałeś tego quizu